| 000 | 01430 a2200217 4500 | ||
|---|---|---|---|
| 001 | 53324 | ||
| 005 | 20260407155807.0 | ||
| 008 | 260407a1981 arg spa d | ||
| 003 | AR-UNSa-BCEJYS | ||
| 040 |
_aAR-UNSa-BCEJYS _bspa _cAR-UNSa-BCEJYS |
||
| 080 |
_a330.567.2 _xGastos. Consumo. Ahorro. Economía de los particulares |
||
| 245 | 1 | 0 |
_aAhorro y préstamo para la vivienda _pFinanciamiento y ajuste monetario |
| 264 | 1 |
_aBuenos Aires : _bEdiciones Macchi _c1981 |
|
| 300 |
_a211 p. _c22 cm. |
||
| 505 | _a1. La filosofía en el problema de la vivienda - 2. Las sociedades de ahorro y préstamo - 3. El spread, la inflación y el canje - 4. La demanda de vivienda - 5. Evolución de prestamos y depósitos de las AAP(1968-1987) - 6. El sistema de ahorro y préstamo de los Estados Unidos - 7. El sistema de ahorro y préstamo en la Argentina - 8. La función socio-económica de las sociedades de ahorro y préstamo - 9. Objetivos del trabajo - 10. El marco teórico-conceptual - 11. El marco institucional - 12. Análisis microeconómico de las sociedades de ahorro y préstamo como intermediarios financieros - 13. Resumen del estado actual del sistema desde la perspectiva micro y macro-financiera - 14. El futuro del sistema. Resumen y conclusiones | ||
| 942 | _cBK | ||
| 590 | _aniveau_biblio:m niveau_hierar:0 | ||
| 100 | 1 | _aRibas, Armando P. | |
| 700 | 1 | _aLópez Santiso, Horacio | |
| 700 | 1 | _aMessuti, Domingo Jorge | |
| 999 |
_c5180 _d5180 |
||